[Event "Slav 3"]
[Site "SchemingMind.com"]
[Date "2019.10.14"]
[Round "-"]
[White "The Stonewall"]
[Black "maro"]
[Result "1-0"]
[WhiteCountry "ENG"]
[BlackCountry "MEX"]
[WhiteElo "2368"]
[WhiteRD "77"]
[BlackElo "1491"]
[BlackRD "68"]
[GameID "446823"]

1. d4 d5 2. c4 c6 3. Nf3 Nf6 4. e3 b6 5. Nc3 e6 6. Bd3 dxc4 7. Bxc4 Bb4 8. O-O O-O 9. Qe2 Bxc3 10. bxc3 b5
11. Bd3 Qa5 12. Bd2 Qc7 13. e4 a5 14. Rfb1 c5 15. Rxb5 Ba6 16. Rxc5 Qe7 17. c4 Nbd7 18. Rxa5 Bb7 19. Rb5 Nb8 20. Bb4 Qd7
21. Bxf8 Kxf8 22. Rab1 Ra7 23. Qb2 Bxe4 24. Rxb8+ Ke7 25. Ne5 Qc7 26. Qb4+ Qd6 27. c5 Qd5 28. c6+ Qd6 29. Rb7+ Rxb7 30. Qxb7+ Kd8
31. Nxf7+
1-0

[Event "Slav 3"]
[Site "SchemingMind.com"]
[Date "2019.10.14"]
[Round "-"]
[White "maro"]
[Black "The Stonewall"]
[Result "0-1"]
[WhiteCountry "MEX"]
[BlackCountry "ENG"]
[WhiteElo "1482"]
[WhiteRD "69"]
[BlackElo "2372"]
[BlackRD "74"]
[GameID "446824"]

1. d4 d5 2. c4 c6 3. c5 e5 4. dxe5 Bxc5 5. e3 Qe7 6. Nf3 Nd7 7. Bd3 Nxe5 8. O-O Bg4 9. Be2 Nf6 10. Nc3 Nxf3+
11. Bxf3 Bxf3 12. Qxf3 O-O 13. b3 Bd6 14. Bb2 Be5 15. Rab1 Qd6 16. Ne2 Bxh2+ 17. Kh1 Be5 18. Bxe5 Qxe5 19. g3 Ne4 20. Rfd1 Rae8
21. Qg2 Qh5+ 22. Kg1 Qxe2 23. Re1 Qh5 24. f4 f5 25. Kf1 Re6 26. Red1 Rg6
0-1

[Event "Slav 3"]
[Site "SchemingMind.com"]
[Date "2019.10.16"]
[Round "-"]
[White "Geoffrey Rosser"]
[Black "The Stonewall"]
[Result "0-1"]
[WhiteCountry "ENG"]
[BlackCountry "ENG"]
[WhiteElo "1996"]
[WhiteRD "62"]
[BlackElo "2372"]
[BlackRD "74"]
[GameID "446893"]

1. d4 d5 2. c4 c6 3. Nc3 e6 4. Nf3 dxc4 5. e4 b5 6. Be2 Bb7 7. O-O Nf6 8. a3 Be7 9. e5 Nd5 10. Ne4 O-O
11. Qc2 h6 12. Nc5 Bxc5 13. dxc5 Nd7 14. Qe4 Nxc5 15. Qg4 f5 16. Qg6 Qe8 17. Qg3 f4 18. Qg4 Nb3 19. Rb1 h5 20. Qh3 Rd8
21. Ng5 Rf5 22. Nf3 g5 23. g4 fxg3 24. Qxg3 Nxc1 25. Rbxc1 Nf4 26. Rfe1 g4 27. Bf1 Nh3+ 28. Bxh3 Rxf3 29. Qg2 Rxh3 30. Qe4 Qf7
31. Re3 c5 32. Qc2 Kh8 33. Rd1 Rxd1+ 34. Qxd1 Rxh2 35. f3 gxf3 36. Qd8+ Kh7 37. Kxh2 Qf4+ 38. Kh1 f2+
0-1

[Event "Slav 3"]
[Site "SchemingMind.com"]
[Date "2019.10.16"]
[Round "-"]
[White "Geoffrey Rosser"]
[Black "maro"]
[Result "1-0"]
[WhiteCountry "ENG"]
[BlackCountry "MEX"]
[WhiteElo "2007"]
[WhiteRD "60"]
[BlackElo "1491"]
[BlackRD "68"]
[GameID "446895"]

1. d4 d5 2. c4 c6 3. Nc3 dxc4 4. e4 e5 5. d5 cxd5 6. Nxd5 Nf6 7. Nxf6+ Qxf6 8. Nf3 Bb4+ 9. Bd2 Nc6 10. Bxb4 Nxb4
11. Qa4+ Nc6 12. Bxc4 Bd7 13. Qc2 Nb4 14. Qb3 Qe7 15. Bxf7+ Kf8 16. Bc4 Nc6 17. a3 Na5 18. Qc3 Nxc4 19. Qxc4 b5 20. Qd5 Rd8
21. Qxe5 Qxe5 22. Nxe5 g6 23. Rd1 Ke7 24. Nxd7 Rxd7 25. Rxd7+ Ke6 26. Rxa7 Rd8 27. Ke2 Ke5 28. Rxh7 Rd4 29. f3
1-0

[Event "Slav 3"]
[Site "SchemingMind.com"]
[Date "2019.10.16"]
[Round "-"]
[White "maro"]
[Black "Geoffrey Rosser"]
[Result "0-1"]
[WhiteCountry "MEX"]
[BlackCountry "ENG"]
[WhiteElo "1491"]
[WhiteRD "68"]
[BlackElo "2007"]
[BlackRD "60"]
[GameID "446896"]

1. d4 d5 2. c4 c6 3. c5 e5 4. e3 exd4 5. exd4 Nf6 6. Nc3 Be7 7. Bd3 O-O 8. Nf3 Re8 9. O-O b6 10. cxb6 axb6
11. Ne2 Ba6 12. Bxa6 Nxa6 13. a3 c5 14. dxc5 bxc5 15. b3 Nb4 16. a4 Bd6 17. Bg5 Be7 18. Ne5 Qd6 19. Nf3 Ne4 20. Bxe7 Rxe7
21. Nd2 Rae8 22. Nxe4 Rxe4 23. Re1 d4 24. f3 Re3 25. Rc1 d3 26. Qd2 Rxe2 27. Rxe2 Rxe2 28. Qd1 Qd4+ 29. Kh1 d2 30. Rc4 Re1+
0-1

[Event "Slav 3"]
[Site "SchemingMind.com"]
[Date "2019.10.24"]
[Round "-"]
[White "Geoffrey Rosser"]
[Black "Transcendent"]
[Result "1-0"]
[WhiteCountry "ENG"]
[BlackCountry "ENG"]
[WhiteElo "2007"]
[WhiteRD "60"]
[BlackElo "1084"]
[BlackRD "93"]
[GameID "447212"]

1. d4 d5 2. c4 c6 3. Nc3 Nf6 4. Nf3 dxc4 5. e4 b5 6. e5 Nd5 7. Be2 Bf5 8. O-O e6 9. Nxd5 Qxd5 10. Ng5 h6
11. Bf3 Qd7 12. Ne4 Be7 13. Nc5 Bxc5 14. dxc5 O-O 15. Qxd7 Nxd7 16. Bxc6 Nxc5 17. Bxa8 Rxa8 18. f4 Nd3 19. b4
1-0

[Event "Slav 3"]
[Site "SchemingMind.com"]
[Date "2019.10.24"]
[Round "-"]
[White "Transcendent"]
[Black "Geoffrey Rosser"]
[Result "0-1"]
[WhiteCountry "ENG"]
[BlackCountry "ENG"]
[WhiteElo "1084"]
[WhiteRD "93"]
[BlackElo "2007"]
[BlackRD "60"]
[GameID "447213"]

1. d4 d5 2. c4 c6 3. Nf3 Nf6 4. Qc2 e6 5. g3 Be7 6. Bg2 O-O 7. O-O Na6 8. a3 dxc4 9. Qxc4 c5 10. dxc5 Nxc5
11. Nc3 Nd5 12. Rd1 Nb6 13. Qd4 Nb3 14. Qxd8 Rxd8 15. Rxd8+ Bxd8 16. Rb1 Nxc1 17. Rxc1 Bf6 18. Ne4 Bxb2 19. Rc7 Nd5
0-1

[Event "Slav 3"]
[Site "SchemingMind.com"]
[Date "2019.10.24"]
[Round "-"]
[White "The Stonewall"]
[Black "Transcendent"]
[Result "1-0"]
[WhiteCountry "ENG"]
[BlackCountry "ENG"]
[WhiteElo "2368"]
[WhiteRD "77"]
[BlackElo "1084"]
[BlackRD "93"]
[GameID "447214"]

1. d4 d5 2. c4 c6 3. Nf3 Nf6 4. e3 Bf5 5. Nc3 a6 6. Qb3 Ra7 7. Be2 dxc4 8. Bxc4 e6 9. a4 Be7 10. O-O O-O
11. Bd2 Nbd7 12. Rfe1 Bg6 13. e4 a5 14. Rad1 Qc7 15. h3 Rd8 16. Bg5
1-0

[Event "Slav 3"]
[Site "SchemingMind.com"]
[Date "2019.10.25"]
[Round "-"]
[White "Transcendent"]
[Black "The Stonewall"]
[Result "0-1"]
[WhiteCountry "ENG"]
[BlackCountry "ENG"]
[WhiteElo "1084"]
[WhiteRD "93"]
[BlackElo "2368"]
[BlackRD "77"]
[GameID "447215"]

1. d4 d5 2. c4 c6 3. Nf3 e6 4. Nc3 dxc4 5. e3 b5 6. a4 Bb4 7. Ne5 Nf6 8. axb5 cxb5 9. Bd2 Bxc3 10. Bxc3 a5
11. b3 Bb7 12. bxc4 b4 13. Bb2 O-O 14. f3 Nbd7 15. Nd3 Ba6
0-1

[Event "Slav 3"]
[Site "SchemingMind.com"]
[Date "2019.10.27"]
[Round "-"]
[White "maro"]
[Black "Transcendent"]
[Result "1-0"]
[WhiteCountry "MEX"]
[BlackCountry "ENG"]
[WhiteElo "1491"]
[WhiteRD "68"]
[BlackElo "1084"]
[BlackRD "93"]
[GameID "447216"]

1. d4 d5 2. c4 c6 3. c5 e5 4. dxe5 Bxc5 5. e3 Bf5 6. Bd3 Bxd3 7. Qxd3 Nd7 8. Qf5 Ne7 9. Qg5 Qc7 10. Qxg7 Rg8
11. Qh6 Nxe5 12. Qxh7
1-0

[Event "Slav 3"]
[Site "SchemingMind.com"]
[Date "2019.10.27"]
[Round "-"]
[White "Transcendent"]
[Black "maro"]
[Result "0-1"]
[WhiteCountry "ENG"]
[BlackCountry "MEX"]
[WhiteElo "1084"]
[WhiteRD "93"]
[BlackElo "1491"]
[BlackRD "68"]
[GameID "447217"]

1. d4 d5 2. c4 c6 3. Nf3 dxc4 4. e3 e6 5. Bxc4 Nf6 6. O-O Bd6 7. Nc3 O-O 8. Bd2 b5 9. Bb3 b4 10. Na4 a5
11. Rc1 Ba6 12. Re1 Nbd7 13. Rxc6 Be7
0-1

[Event "Slav 3"]
[Site "SchemingMind.com"]
[Date "2019.10.24"]
[Round "-"]
[White "Geoffrey Rosser"]
[Black "Chessibelle"]
[Result "1-0"]
[WhiteCountry "ENG"]
[BlackCountry "ENG"]
[WhiteElo "1996"]
[WhiteRD "62"]
[BlackElo "1156"]
[BlackRD "56"]
[GameID "447232"]

1. d4 d5 2. c4 c6 3. Nc3 Nf6 4. Nf3 e6 5. e3 Be7 6. cxd5 Nxd5 7. Bd3 g6 8. O-O O-O 9. e4 Nb4 10. Be2 Nd7
11. a3 Na6 12. Bxa6 bxa6 13. Ne1 Bd6 14. Nf3 a5 15. d5 Ba6 16. Re1 f5 17. dxe6 Nf6 18. e5 Bc5 19. exf6 Qxf6 20. Bg5 Qg7
21. Ne5 Rac8 22. Nd7 Rfe8 23. Bf6 Qh6 24. Nxc5 Bc4 25. Qd7 Qf8 26. Qf7+ Qxf7 27. exf7+ Kxf7 28. Rxe8 Rxe8 29. Bd4 h6 30. g3 g5
31. b3 Bd5 32. Nxd5 cxd5 33. b4 Re2 34. Kf1 Rd2 35. Be3 Rc2 36. b5 Rc3 37. a4 Rc4 38. Rc1 Rb4 39. Rd1 f4 40. gxf4 g4
41. Rxd5 Rb1+ 42. Kg2 h5 43. Rxh5 Kg6 44. Rg5+ Kf7 45. Rxg4 Kf6 46. h4 Rd1 47. h5 Rd8 48. h6 Rh8 49. Bd4+ Kf5 50. Bxh8
1-0

[Event "Slav 3"]
[Site "SchemingMind.com"]
[Date "2019.10.24"]
[Round "-"]
[White "Chessibelle"]
[Black "Geoffrey Rosser"]
[Result "0-1"]
[WhiteCountry "ENG"]
[BlackCountry "ENG"]
[WhiteElo "1156"]
[WhiteRD "56"]
[BlackElo "1996"]
[BlackRD "62"]
[GameID "447233"]

1. d4 d5 2. c4 c6 3. e3 Nf6 4. Nf3 Bf5 5. Nc3 e6 6. Bd2 Nbd7 7. g3 Be7 8. Be2 O-O 9. Bf1 Bg4 10. Be2 Bh3
11. Ng5 Bf5 12. O-O h6 13. Nf3 Bd6 14. b3 Bh3 15. Re1 e5 16. Bd3 e4 17. Be2 exf3 18. Bd3 dxc4 19. Bxc4 Bg4 20. Bf1 Qc7
21. e4 Be7 22. Bd3 Nh7 23. Bb1 Bg5 24. Qc2 Bxd2 25. Qxd2 Ng5 26. e5 Rad8 27. Qd3 Nc5 28. Qc2 Nce6 29. h4 Nxd4 30. Qd3 Ne2+
31. Nxe2 Rxd3 32. Bxd3 Nh3+ 33. Kh2 fxe2 34. Be4 Nxf2 35. Kg2 Nxe4 36. Rec1 Qxe5 37. Kh1 Nxg3+ 38. Kg2 Qe3 39. Re1 Qf3+
0-1

[Event "Slav 3"]
[Site "SchemingMind.com"]
[Date "2019.10.24"]
[Round "-"]
[White "The Stonewall"]
[Black "Chessibelle"]
[Result "1-0"]
[WhiteCountry "ENG"]
[BlackCountry "ENG"]
[WhiteElo "2372"]
[WhiteRD "74"]
[BlackElo "1156"]
[BlackRD "56"]
[GameID "447234"]

1. d4 d5 2. c4 c6 3. Nf3 Nf6 4. Qc2 g6 5. Bf4 Bg7 6. h3 O-O 7. e3 Nbd7 8. Nc3 a6 9. Rc1 Nh5 10. Bh2 e6
11. Bd3 b5 12. b3 e5 13. Nxe5 Qg5 14. g4 Nhf6 15. Nf3 Qh6 16. Bf4
1-0

[Event "Slav 3"]
[Site "SchemingMind.com"]
[Date "2019.10.24"]
[Round "-"]
[White "Chessibelle"]
[Black "The Stonewall"]
[Result "0-1"]
[WhiteCountry "ENG"]
[BlackCountry "ENG"]
[WhiteElo "1156"]
[WhiteRD "56"]
[BlackElo "2372"]
[BlackRD "74"]
[GameID "447235"]

1. d4 d5 2. c4 c6 3. e3 e6 4. Nf3 f5 5. g3 Bd6 6. Be2 Nf6 7. O-O O-O 8. Nc3 b6 9. b3 Qe7 10. Ng5 h6
11. Nh3 Nbd7 12. Nf4 Bxf4 13. exf4 Ba6 14. Be3 Rad8 15. h3 Ne4 16. Qe1 Ndf6 17. Bf3 Nd6 18. Kg2 dxc4 19. Bxc6 cxb3 20. Rh1 b2
21. Rb1 Nc4 22. Bf3 Bb7 23. Qe2 Bxf3+ 24. Qxf3 Qa3 25. Nb5 Qxa2 26. Nc7 Rc8 27. Nxe6 Rfe8 28. d5 Nxd5 29. Bd4 Rxe6 30. Qd3 Re4
31. Rhd1 Nb4 32. Qf3 Rxd4 33. Qe2 Re4 34. Qh5 Nd5 35. Qxf5 Nce3+ 36. fxe3 Nxe3+
0-1

[Event "Slav 3"]
[Site "SchemingMind.com"]
[Date "2019.10.27"]
[Round "-"]
[White "maro"]
[Black "Chessibelle"]
[Result "1-0"]
[WhiteCountry "MEX"]
[BlackCountry "ENG"]
[WhiteElo "1491"]
[WhiteRD "68"]
[BlackElo "1155"]
[BlackRD "53"]
[GameID "447236"]

1. d4 d5 2. c4 c6 3. c5 Nf6 4. Nc3 g6 5. Bg5 e6 6. Qd2 Be7 7. Nf3 b6 8. cxb6 axb6 9. g3 O-O 10. Bh6 Re8
11. Bg2 Bd6 12. O-O Be7 13. Ne5 Na6 14. Nxc6 Qd7 15. Nxe7+ Rxe7 16. a4 e5 17. dxe5 Rxe5 18. Bf4 Re6 19. Bh3 Qc6 20. Bxe6 fxe6
21. Nb5 Bb7 22. Rac1 Nc5 23. Be5 Ng4 24. Bf4 d4 25. f3 Nf6 26. Nxd4 Qd5 27. Be3 Qh5 28. h4 Qe5 29. Bf4 Qh5 30. b4 Ncd7
31. Nxe6 Qf5 32. g4 Qxe6 33. Rc7 Rb8 34. Rfc1 Kg7 35. Bh6+ Kg8 36. Rxb7 Rxb7 37. Rc8+ Ne8 38. Qd4 Qxe2 39. Qg7#
1-0

[Event "Slav 3"]
[Site "SchemingMind.com"]
[Date "2019.10.27"]
[Round "-"]
[White "Chessibelle"]
[Black "maro"]
[Result "0-1"]
[WhiteCountry "ENG"]
[BlackCountry "MEX"]
[WhiteElo "1155"]
[WhiteRD "53"]
[BlackElo "1491"]
[BlackRD "68"]
[GameID "447237"]

1. d4 d5 2. c4 c6 3. e3 e5 4. g3 e4 5. Ne2 Bg4 6. Nbc3 Bb4 7. Bd2 Bf3 8. Rg1 dxc4 9. Qa4 Bxc3 10. Nxc3 Nf6
11. Bh3 Ng4 12. Qxc4 O-O 13. Bg2 Bxg2 14. Rxg2 b5 15. Qe2 h5 16. h4 Na6 17. a3 Qf6 18. Nxe4 Qd8 19. Bc1 Re8 20. Qd3 f5
21. Ng5 Qd5 22. Kf1 g6 23. Kg1 c5 24. Qxb5 Nc7 25. Qe2 cxd4 26. Qc2 Nb5 27. Qd2 Rac8 28. Kf1 Nf6 29. f4 Ne4 30. Qe2 d3
31. Qf3 d2 32. Bxd2 Nxd2+ 33. Rxd2 Qxd2 34. Re1 Nd4 35. Qd5+ Kh8 36. Nf7+ Kh7 37. Qd7 Qd3+ 38. Kg2 Rc2+ 39. Kh1 Qe4+ 40. Kg1 Qg2#
0-1

[Event "Slav 3"]
[Site "SchemingMind.com"]
[Date "2019.10.24"]
[Round "-"]
[White "Transcendent"]
[Black "Chessibelle"]
[Result "0-1"]
[WhiteCountry "ENG"]
[BlackCountry "ENG"]
[WhiteElo "1084"]
[WhiteRD "93"]
[BlackElo "1155"]
[BlackRD "53"]
[GameID "447238"]

1. d4 d5 2. c4 c6 3. Nf3 Nf6 4. Nc3 g6 5. e3 e6 6. Qc2 Be7 7. Bd3 a6 8. O-O O-O 9. Ne5 b5 10. cxb5 c5
11. dxc5 Bxc5 12. Na4 Bd6 13. Nf3 Nfd7 14. b3 Qe7 15. Bb2 f6 16. Rac1 Bb7 17. Nd4 Bc7 18. Qxc7 Ra7 19. b6 Ra8
0-1

[Event "Slav 3"]
[Site "SchemingMind.com"]
[Date "2019.10.24"]
[Round "-"]
[White "Chessibelle"]
[Black "Transcendent"]
[Result "1-0"]
[WhiteCountry "ENG"]
[BlackCountry "ENG"]
[WhiteElo "1155"]
[WhiteRD "53"]
[BlackElo "1084"]
[BlackRD "93"]
[GameID "447239"]

1. d4 d5 2. c4 c6 3. e3 Nf6 4. Nf3 Bf5 5. Nc3 a6 6. g3 e6 7. Bg2 Be7 8. O-O dxc4 9. Qe2 Bd3 10. Qe1 Bxf1
11. Bxf1 b5 12. Ne5 Nfd7 13. f4 f6 14. Ng4 O-O 15. Qf2 h5 16. Qf3 hxg4 17. Qxg4 f5 18. Qf3 Nf6 19. h3 Bb4 20. g4
1-0

[Event "Slav 3"]
[Site "SchemingMind.com"]
[Date "2019.10.31"]
[Round "-"]
[White "Kenny Elliott"]
[Black "Geoffrey Rosser"]
[Result "0-1"]
[WhiteCountry "USA"]
[BlackCountry "ENG"]
[WhiteElo "1653"]
[WhiteRD "67"]
[BlackElo "1996"]
[BlackRD "62"]
[GameID "447465"]

1. d4 d5 2. c4 c6 3. Nc3 Bf5 4. Nf3 e6 5. Bf4 Nf6 6. Qb3 dxc4 7. Qxb7 Nbd7 8. Qxc6 Rc8 9. Qa4 a5 10. e3 Bd3
11. Bxd3 cxd3 12. Qd1 Bb4 13. O-O Bxc3 14. bxc3 Rxc3 15. Qd2 Ne4 16. Qb2 O-O 17. Rfd1 Rc2 18. Qb3 Nxf2 19. Ne1 Nxd1 20. Nxc2 dxc2
21. Qxc2 Nxe3 22. Bxe3 Nf6 23. Qc5 Qd5 24. Qc7 Ng4 25. Qg3 Nxe3 26. Qxe3 Rd8 27. h3 Qxd4 28. Qxd4 Rxd4 29. Kh2 f5 30. Re1 Kf7
31. Re5 Ra4 32. Re2 Kf6 33. Kg1 e5 34. Kf1 Rf4+ 35. Ke1 Re4 36. Rxe4 fxe4 37. Ke2 Ke6 38. Ke3 Kd5 39. g4 g5 40. a3 a4
41. Ke2 Kd4 42. Kd2 e3+ 43. Ke2 e4
0-1

[Event "Slav 3"]
[Site "SchemingMind.com"]
[Date "2019.10.31"]
[Round "-"]
[White "Geoffrey Rosser"]
[Black "Kenny Elliott"]
[Result "1-0"]
[WhiteCountry "ENG"]
[BlackCountry "USA"]
[WhiteElo "1996"]
[WhiteRD "62"]
[BlackElo "1653"]
[BlackRD "67"]
[GameID "447466"]

1. d4 d5 2. c4 c6 3. Nc3 Nf6 4. Nf3 g6 5. e3 Bg7 6. cxd5 cxd5 7. Ne5 Nbd7 8. Bb5 O-O 9. Nxd7 Bxd7 10. O-O a6
11. Bxd7 Qxd7 12. Na4 Qc6 13. Bd2 Ne4 14. Rc1 Qb5 15. Be1 e5 16. f3 Nd6 17. Rc5 Qe8 18. dxe5 Bxe5 19. Rxd5 Qe7 20. f4 Bxb2
21. Nxb2 Nf5 22. Re5 Qa3 23. Qb3 Qxb3 24. axb3 Ng7 25. Re7 b5 26. Ba5 Rac8 27. Rc7 Ra8 28. Rd1 Rfe8 29. Rdd7
1-0

[Event "Slav 3"]
[Site "SchemingMind.com"]
[Date "2019.10.31"]
[Round "-"]
[White "Kenny Elliott"]
[Black "The Stonewall"]
[Result "0-1"]
[WhiteCountry "USA"]
[BlackCountry "ENG"]
[WhiteElo "1653"]
[WhiteRD "67"]
[BlackElo "2372"]
[BlackRD "74"]
[GameID "447467"]

1. d4 d5 2. c4 c6 3. Nc3 e6 4. Nf3 dxc4 5. e4 b5 6. b3 b4 7. Na4 c3 8. Bc4 Nf6 9. Bg5 h6 10. Bh4 g5
11. Bg3 Nxe4 12. Be5 Rg8 13. Qd3 Nf6 14. O-O Nbd7 15. Ne1 Nxe5 16. dxe5 Qxd3 17. Nxd3 Ne4 18. f3 Nd2 19. Rf2 Nxc4 20. bxc4 Ba6
21. Nac5 Bxc4 22. Rc2 O-O-O 23. Nxb4 Bxc5+
0-1

[Event "Slav 3"]
[Site "SchemingMind.com"]
[Date "2019.10.31"]
[Round "-"]
[White "The Stonewall"]
[Black "Kenny Elliott"]
[Result "1-0"]
[WhiteCountry "ENG"]
[BlackCountry "USA"]
[WhiteElo "2372"]
[WhiteRD "74"]
[BlackElo "1653"]
[BlackRD "67"]
[GameID "447468"]

1. d4 d5 2. c4 c6 3. Nf3 Nf6 4. e3 g6 5. Nc3 Bg7 6. Be2 Bg4 7. O-O O-O 8. cxd5 cxd5 9. Qb3 Qd7 10. Ne5 Qe6
11. Nxg4 Nxg4 12. Qxb7 Nd7 13. Nxd5 Rab8 14. Qc6 Ngf6 15. Qxe6 fxe6 16. Nxe7+ Kh8 17. Nc6 Rb7 18. Na5 Rc7 19. Nc4 Nb6 20. b3 Rfc8
21. Bd2 Nxc4 22. bxc4 Ne8 23. Rab1 Rf7 24. Rfc1 Nc7 25. Rb7 a6 26. d5 Rcf8 27. d6 Na8 28. Rxf7 Rxf7 29. c5 Rd7 30. Ba5 Bb2
31. Rb1 Ba3 32. Bg4 Bxc5 33. Bc3+ Kg8 34. Bxe6+ Rf7 35. Rb8#
1-0

[Event "Slav 3"]
[Site "SchemingMind.com"]
[Date "2019.11.04"]
[Round "-"]
[White "Kenny Elliott"]
[Black "maro"]
[Result "1-0"]
[WhiteCountry "USA"]
[BlackCountry "MEX"]
[WhiteElo "1654"]
[WhiteRD "69"]
[BlackElo "1491"]
[BlackRD "68"]
[GameID "447469"]

1. d4 d5 2. c4 c6 3. Nc3 dxc4 4. e4 e6 5. a3 Nf6 6. Bg5 Be7 7. Bxf6 Bxf6 8. e5 Bg5 9. Qg4 O-O 10. Nf3 b5
11. Nxg5 h6 12. Nge4 g5 13. Nf6+ Kg7 14. Qh5 Nd7 15. Nce4 Nxf6 16. exf6+ Kh7 17. Nxg5+ Kg8 18. Qxh6
1-0

[Event "Slav 3"]
[Site "SchemingMind.com"]
[Date "2019.11.04"]
[Round "-"]
[White "maro"]
[Black "Kenny Elliott"]
[Result "0-1"]
[WhiteCountry "MEX"]
[BlackCountry "USA"]
[WhiteElo "1491"]
[WhiteRD "68"]
[BlackElo "1654"]
[BlackRD "69"]
[GameID "447470"]

1. d4 d5 2. c4 c6 3. c5 g6 4. Bg5 Bg7 5. e4 f6 6. Bf4 e5 7. dxe5 fxe5 8. Bg3 Be6 9. Nc3 d4 10. Nce2 Qa5+
11. Qd2 Qxd2+ 12. Kxd2 Na6 13. Nf3 O-O-O 14. Bxe5 Bxe5 15. Nxe5 Nxc5 16. Nf4 Nxe4+ 17. Kc2 Bf5 18. Kb3 Nxf2 19. Rg1 Rf8 20. Bc4 Ne7
21. Rgf1 Ne4 22. h3 Nd2+ 23. Kb4 Nxf1 24. Rxf1 Rf6 25. g4 Be4 26. g5 c5+ 27. Kxc5 Rb6 28. Kxd4 Bf5 29. b3 Rd8+ 30. Kc3 Nc6
31. Nxc6 Rxc6 32. Re1 b5
0-1

[Event "Slav 3"]
[Site "SchemingMind.com"]
[Date "2019.11.01"]
[Round "-"]
[White "Kenny Elliott"]
[Black "Transcendent"]
[Result "1-0"]
[WhiteCountry "USA"]
[BlackCountry "ENG"]
[WhiteElo "1654"]
[WhiteRD "69"]
[BlackElo "1084"]
[BlackRD "93"]
[GameID "447471"]

1. d4 d5 2. c4 c6 3. Nc3 Nf6 4. Nf3 dxc4 5. e4 b5 6. a4 b4 7. Na2 Nxe4 8. Bxc4 e5 9. Qb3 Nd6 10. Nxe5 Nxc4
11. Qxc4 Qd5 12. Qe2
1-0

[Event "Slav 3"]
[Site "SchemingMind.com"]
[Date "2019.11.01"]
[Round "-"]
[White "Transcendent"]
[Black "Kenny Elliott"]
[Result "0-1"]
[WhiteCountry "ENG"]
[BlackCountry "USA"]
[WhiteElo "1084"]
[WhiteRD "93"]
[BlackElo "1654"]
[BlackRD "69"]
[GameID "447472"]

1. d4 d5 2. c4 c6 3. Nf3 Nf6 4. e3 Bg4 5. Qb3 Qc7 6. Ne5 Be6 7. Nc3 dxc4 8. Bxc4 Bxc4 9. Qxc4 e6 10. O-O Bd6
11. f4 Bxe5 12. fxe5 Nd5 13. e4 Nxc3 14. bxc3 O-O 15. Ba3 Rd8 16. Bd6 Qd7
0-1

[Event "Slav 3"]
[Site "SchemingMind.com"]
[Date "2019.10.31"]
[Round "-"]
[White "Kenny Elliott"]
[Black "Chessibelle"]
[Result "1-0"]
[WhiteCountry "USA"]
[BlackCountry "ENG"]
[WhiteElo "1653"]
[WhiteRD "67"]
[BlackElo "1156"]
[BlackRD "56"]
[GameID "447473"]

1. d4 d5 2. c4 c6 3. Nc3 g6 4. Nf3 Nf6 5. cxd5 cxd5 6. Bf4 Nc6 7. e3 Bd7 8. Qb3 b6 9. Nxd5 e6 10. Nxf6+ Qxf6
11. Ne5 Na5 12. Nxd7 Kxd7 13. Qb5+ Nc6 14. Be5 Bb4+ 15. Ke2 Qf5 16. Rc1 Rac8 17. Rxc6 Be7 18. Rd6+ Kc7 19. Rd7#
1-0

[Event "Slav 3"]
[Site "SchemingMind.com"]
[Date "2019.10.31"]
[Round "-"]
[White "Chessibelle"]
[Black "Kenny Elliott"]
[Result "0-1"]
[WhiteCountry "ENG"]
[BlackCountry "USA"]
[WhiteElo "1156"]
[WhiteRD "56"]
[BlackElo "1653"]
[BlackRD "67"]
[GameID "447474"]

1. d4 d5 2. c4 c6 3. e3 Nf6 4. Nf3 Bg4 5. Be2 g6 6. O-O Bg7 7. Nbd2 O-O 8. b3 Nbd7 9. a4 Re8 10. h3 Bf5
11. Nh2 c5 12. f3 cxd4 13. exd4 Qb6 14. Bb2 e5 15. Nb1 exd4 16. Bxd4 Qe6 17. Nc3 Nh5 18. g4 Bxd4+ 19. Kh1 Ng3+ 20. Kg2 Nxf1
21. Kxf1 Qe3 22. Ra2 Qg1#
0-1

[Event "Slav 3"]
[Site "SchemingMind.com"]
[Date "2019.11.01"]
[Round "-"]
[White "Kenny Elliott"]
[Black "splinter"]
[Result "0-1"]
[WhiteCountry "USA"]
[BlackCountry "CAN"]
[WhiteElo "1653"]
[WhiteRD "67"]
[BlackElo "1837"]
[BlackRD "76"]
[GameID "447491"]

1. d4 d5 2. c4 c6 3. Nc3 Nf6 4. Nf3 e6 5. cxd5 exd5 6. h3 Nbd7 7. e3 Bb4 8. Bd3 Ne4 9. Qb3 Bxc3+ 10. bxc3 O-O
11. O-O Ndf6 12. Ne5 Qc7 13. Bxe4 Nxe4 14. Qc2 Bf5 15. Nd3 h5 16. Bb2 g5 17. f4 g4 18. hxg4 hxg4 19. Ne5 Ng3 20. Qf2 Nxf1
21. Rxf1 f6 22. Nxg4 Bxg4 23. Qg3 f5 24. Kf2 Qh7 25. Rg1 Rae8 26. Ke1 Re6 27. Kd2 Rfe8 28. Re1 Rg6 29. Rg1 Re7 30. Qe1 Qh2
31. Qf1 Bf3
0-1

[Event "Slav 3"]
[Site "SchemingMind.com"]
[Date "2019.11.01"]
[Round "-"]
[White "splinter"]
[Black "Kenny Elliott"]
[Result "1-0"]
[WhiteCountry "CAN"]
[BlackCountry "USA"]
[WhiteElo "1828"]
[WhiteRD "75"]
[BlackElo "1654"]
[BlackRD "69"]
[GameID "447492"]

1. d4 d5 2. c4 c6 3. Nf3 Nf6 4. Nc3 g6 5. cxd5 cxd5 6. e3 Bg4 7. Be2 Bg7 8. O-O O-O 9. Ne5 Bxe2 10. Qxe2 Nbd7
11. Qb5 Nxe5 12. dxe5 Ne4 13. Nxe4 dxe4 14. Qxb7 Bxe5 15. Qxe4 Bf6 16. Rb1 Rb8 17. f4 e6 18. b3 Qa5 19. Bb2 Bxb2 20. Rxb2 Qc3
21. Rc2 Qf6 22. Rfc1 a5 23. Rb1 Rb4 24. Rc4 Rfb8 25. Rxb4 axb4 26. Rc1 Kg7 27. h4 Qxh4 28. Qe5+ Qf6 29. Qxb8 Qb2 30. Qe5+ Qxe5
31. fxe5 g5 32. Rc4 Kg6 33. g4 h5 34. gxh5+ Kxh5 35. Rxb4 g4 36. a4 Kg5 37. Rf4
1-0

[Event "Slav 3"]
[Site "SchemingMind.com"]
[Date "2019.11.01"]
[Round "-"]
[White "Geoffrey Rosser"]
[Black "splinter"]
[Result "1-0"]
[WhiteCountry "ENG"]
[BlackCountry "CAN"]
[WhiteElo "1996"]
[WhiteRD "62"]
[BlackElo "1837"]
[BlackRD "76"]
[GameID "447493"]

1. d4 d5 2. c4 c6 3. Nf3 Nf6 4. Nc3 e6 5. Qc2 Nbd7 6. e4 dxe4 7. Nxe4 Nxe4 8. Qxe4 Nf6 9. Qc2 Be7 10. Bd3 Bb4+
11. Bd2 Bxd2+ 12. Qxd2 O-O 13. O-O Qc7 14. Rac1 b6 15. c5 a5 16. Ne5 Ba6 17. cxb6 Qb7 18. Rxc6 Bxd3 19. Qxd3 Nd5 20. Qb5 f6
21. Nc4 Qd7 22. Rc1 Rab8 23. Qc5 Rfc8 24. Nxa5 Rxc6 25. Qxc6 Qxc6 26. Rxc6 Rxb6 27. Rxb6 Nxb6 28. b4 Kf7 29. Kf1 Ke7 30. Ke2 Kd6
31. Kd3 Kd5 32. f4 g5 33. fxg5 fxg5 34. g4 e5 35. dxe5 Kxe5 36. Nc4+
1-0

[Event "Slav 3"]
[Site "SchemingMind.com"]
[Date "2019.11.01"]
[Round "-"]
[White "splinter"]
[Black "Geoffrey Rosser"]
[Result "1-0"]
[WhiteCountry "CAN"]
[BlackCountry "ENG"]
[WhiteElo "1837"]
[WhiteRD "76"]
[BlackElo "1996"]
[BlackRD "62"]
[GameID "447494"]

1. d4 d5 2. c4 c6 3. Nf3 Nf6 4. Nc3 e6 5. e3 Be7 6. cxd5 exd5 7. Be2 O-O 8. O-O Nbd7 9. Qc2 Re8 10. b3 Bd6
11. a4 Ne4 12. Bd3 Ndf6 13. Ba3 Nxc3 14. Qxc3 Ne4 15. Qc2 Bc7 16. Bxe4 Rxe4 17. Rae1 Bg4 18. Nd2 Re6 19. f3 Qh4 20. f4 Rh6
21. Nf3 Bxf3 22. gxf3 Re8 23. Re2 Rhe6 24. Rg2 Rxe3 25. Bc1 Re1 26. Qf2 Rxf1+ 27. Kxf1 Bxf4 28. Qxh4
1-0